000 00693nam a22002297a 4500
999 _c18187
_d18187
003 AR-CdUCM
008 190222b ||||| |||| 00| 0 spa d
040 _aMUNICIPALIDAD PROVINCIAL DEL CUSCO
_cBIBLIOTECA MUNICIPAL DEL CUSCO
041 _heng
082 _a818.41 /
_bAL36
_23ed.
100 _aAlcott, Louisa M.
_9764
245 _aHombrecitos /
260 _aMexico :
_bEpoca,
_c1971.
300 _a294 páginas ;
_c19 cm.
440 _aBiblioteca Billiken.
_9765
500 _aLiteratura y novelas
650 _aNovelas estadounidenses
_9734
650 _aNovela siglo XIX
_9736
700 _aSepulveda, Maria (traductor)
_938640
942 _2ddc
_cLIBROS
945 _apjha
_d2019-05-13